[Event "Elit(Stockholms SS-Team Viking)"]
[Site "?"]
[Date "2018.02.04"]
[Round "6"]
[White "Hauge, Lars Oskar"]
[Black "Agrest, Evgenij"]
[Result "0-1"]
[WhiteElo "2436"]
[BlackElo "2584"]
[PlyCount "68"]
1. e4 c6 2. Ne2 d5 3. e5 d4 4. c3 c5 5. b4 Qd5 6. bxc5 d3 7. Qa4+ Nc6 8. Ng3
Qxe5+ 9. Qe4 Qxe4+ 10. Nxe4 f5 11. Ng3 f4 12. Ne4 Ne5 13. c4 Nf6 14. Bb2 Nxc4
15. Bxf6 gxf6 16. Bxd3 Be6 17. Nbc3 O-O-O 18. Be2 Rg8 19. d3 Ne5 20. O-O-O Bh6
21. Kb2 f5 22. d4 Nc6 23. d5 Nb4 24. Ka3 Nxd5 25. Bc4 Nc7 26. Nd2 Rxg2 27. Rhe1
Bxc4 28. Nxc4 Rxd1 29. Nxd1 Bf8 30. Nc3 Rxf2 31. Rg1 Ne6 32. Kb4 f3 33. Re1 Nc7
34. Rd1 Rg2 0-1

[Event "Elit(Stockholms SS-Team Viking)"]
[Site "?"]
[Date "2018.02.04"]
[Round "6"]
[White "Berg, Emanuel"]
[Black "Seo, Jung Min"]
[Result "1-0"]
[WhiteElo "2549"]
[BlackElo "2366"]
[PlyCount "111"]
1. e4 c5 2. Nf3 d6 3. d4 cxd4 4. Nxd4 Nf6 5. Nc3 a6 6. Bg5 Nbd7 7. Bc4 Qb6 8.
Bb3 e6 9. Qd2 Be7 10. O-O-O Nc5 11. Rhe1 Qc7 12. Kb1 O-O 13. g3 b5 14. Bxf6
Bxf6 15. a3 Rb8 16. f4 Bd7 17. Nf3 Rb6 18. e5 Be7 19. exd6 Rxd6 20. Qe3 Nxb3
21. cxb3 Rxd1+ 22. Rxd1 Rd8 23. Ne5 Be8 24. Rxd8 Bxd8 25. b4 Be7 26. Nd3 Bc6
27. Ne4 g6 28. Nec5 Bb7 29. h4 Bc8 30. Qe5 Bd6 31. Qd4 Bf8 32. Ne4 Be7 33. Ndc5
a5 34. bxa5 Qxa5 35. Nf6+ Bxf6 36. Qxf6 Qe1+ 37. Ka2 Qd2 38. Qe5 Qd8 39. Ne4
Bb7 40. Nf6+ Kg7 41. Qxb5 Qxf6 42. Qxb7 e5 43. fxe5 Qxe5 44. Qf3 f6 45. a4 h5
46. Qc3 Qe6+ 47. Ka3 Kh6 48. a5 g5 49. Qd4 gxh4 50. gxh4 Qf5 51. a6 Qa5+ 52.
Qa4 Qc5+ 53. Qb4 Qa7 54. Qd6 Kg6 55. b4 Kf5 56. Qc5+ 1-0

[Event "Elit(Stockholms SS-Team Viking)"]
[Site "?"]
[Date "2018.02.04"]
[Round "6"]
[White "Arman, Deniz"]
[Black "Ivanov, Sergey"]
[Result "1/2-1/2"]
[WhiteElo "2384"]
[BlackElo "2540"]
[PlyCount "101"]
1. e4 e6 2. d3 d5 3. Qe2 Nf6 4. Nf3 c5 5. g3 Nc6 6. Bg2 Be7 7. O-O O-O 8. e5
Nd7 9. c4 d4 10. h4 a6 11. Na3 Rb8 12. Bf4 b5 13. Ng5 Bb7 14. Be4 Bxg5 15. Bxg5
Qb6 16. f4 f5 17. exf6 Nxf6 18. Bf3 Rbe8 19. Rae1 Nb4 20. Bxf6 Rxf6 21. Bxb7
Qxb7 22. b3 h6 23. Nb1 bxc4 24. bxc4 Rff8 25. a3 Nc6 26. Nd2 Nd8 27. Ne4 Qc6
28. Qh5 Rf5 29. Qg6 Ref8 30. Re2 e5 31. Qxc6 Nxc6 32. Nxc5 exf4 33. Ne6 f3 34.
Re4 Rb8 35. Nxd4 Nxd4 36. Rxd4 Rb2 37. Rf2 Rb1+ 38. Kh2 g5 39. Re4 Rb3 40. hxg5
hxg5 41. g4 Rf7 42. Re3 Rxa3 43. Rexf3 Rd7 44. Kg2 Raxd3 45. Rxd3 Rxd3 46. Rf5
Rc3 47. Rxg5+ Kf7 48. Rf5+ Kg6 49. Rc5 a5 50. Rxa5 Rxc4 51. Kg3 1/2-1/2

[Event "Elit(Stockholms SS-Team Viking)"]
[Site "?"]
[Date "2018.02.04"]
[Round "6"]
[White "Westerberg, Jonathan"]
[Black "Uddenfeldt, Dan"]
[Result "1-0"]
[WhiteElo "2507"]
[BlackElo "2354"]
[PlyCount "27"]
1. e4 g6 2. d4 Bg7 3. Nf3 d6 4. Bd3 e5 5. dxe5 dxe5 6. O-O c6 7. a4 a5 8. Na3
f6 9. Nc4 Be6 10. Be3 Bxc4 11. Bxc4 Qxd1 12. Rfxd1 Bh6 13. Bc5 Nd7 14. Bf7+ 1-0

[Event "Elit(Stockholms SS-Team Viking)"]
[Site "?"]
[Date "2018.02.04"]
[Round "6"]
[White "Thorn, Eric"]
[Black "Sagit, Rauan"]
[Result "0-1"]
[WhiteElo "2316"]
[BlackElo "2433"]
[PlyCount "80"]
1. Nf3 d6 2. d4 f5 3. g3 Nf6 4. Bg2 g6 5. O-O Bg7 6. c4 O-O 7. Nc3 Nc6 8. d5
Na5 9. b3 c5 10. Bb2 a6 11. Qc2 Rb8 12. e4 f4 13. Ne2 fxg3 14. hxg3 b5 15. cxb5
Rxb5 16. Nf4 Bh6 17. Bc1 Ng4 18. Ne6 Bxe6 19. dxe6 Bg7 20. Bb2 Bxb2 21. Qxb2
Nc4 22. Qe2 Nce5 23. Nxe5 Nxe5 24. f4 Nc6 25. Qg4 c4 26. bxc4 Qb6+ 27. Rf2 Rb2
28. Raf1 Ne5 29. Qd1 Qe3 30. Kh2 Rxf2 31. Rxf2 Qxf2 32. fxe5 Rb8 33. exd6 Rb2
34. Qh1 exd6 35. Kh3 Qf6 36. Qc1 Qxe6+ 37. g4 Qe5 38. c5 dxc5 39. Qc4+ Kg7 40.
Qxa6 h5 0-1

[Event "Elit(Stockholms SS-Team Viking)"]
[Site "?"]
[Date "2018.02.04"]
[Round "6"]
[White "Lindberg, Bo"]
[Black "Cederstam Barsk, Carl"]
[Result "1/2-1/2"]
[WhiteElo "2381"]
[BlackElo "2318"]
[PlyCount "161"]
1. d4 d5 2. c4 e6 3. Nc3 Bb4 4. cxd5 exd5 5. a3 Be7 6. Bf4 c6 7. e3 Bd6 8. Bxd6
Qxd6 9. Bd3 Ne7 10. Qc2 Qf6 11. e4 dxe4 12. Nxe4 Qh6 13. Qc5 b6 14. Qd6 Qe6 15.
Ne2 O-O 16. O-O Qxd6 17. Nxd6 Ba6 18. Bc4 Bxc4 19. Nxc4 Nd7 20. Nc3 Nf6 21.
Rac1 Rfd8 22. Rfd1 Rac8 23. b4 Nf5 24. Ne2 Nd5 25. Ng3 Nfe7 26. Kf1 Nf4 27. Ne3
g6 28. Ne2 Ne6 29. b5 cxb5 30. Rxc8 Nxc8 31. d5 Nc5 32. Nd4 Nd6 33. Nc6 Ra8 34.
g4 h6 35. h4 a6 36. h5 Re8 37. hxg6 fxg6 38. Kg2 Re4 39. Nd4 Nd7 40. Kg3 Nc4
41. Kf3 Nd6 42. Ke2 Nf6 43. f3 Re8 44. Kf2 Rc8 45. Rh1 Nf7 46. Rb1 Rc5 47. Nc6
Kg7 48. Nb4 a5 49. Na6 Rc3 50. Rxb5 Rxa3 51. Nc7 Nd7 52. Nc4 Rc3 53. Ne6+ Kf6
54. Nxb6 Nde5 55. Rxa5 Rxf3+ 56. Kg2 Rb3 57. Ra6 Rb2+ 58. Kg3 Rb3+ 59. Kg2 Rb4
60. Kh3 Nxg4 61. Nd7+ Ke7 62. Ndf8 Nge5 63. Ra7+ Kf6 64. Ra6 Ng5+ 65. Nxg5+
Kxg5 66. Nh7+ Kf5 67. Rf6+ Ke4 68. Nf8 Rb3+ 69. Kg2 Rb7 70. d6 h5 71. d7 Nxd7
72. Nxd7 Rxd7 73. Rxg6 Kf5 74. Rg8 Rd4 75. Kh3 Rd1 76. Rf8+ Ke6 77. Re8+ Kd7
78. Rh8 Kc7 79. Rxh5 Rh1+ 80. Kg4 Rxh5 81. Kxh5 1/2-1/2

[Event "Elit(Stockholms SS-Team Viking)"]
[Site "?"]
[Date "2018.02.04"]
[Round "6"]
[White "Kassani, Sam"]
[Black "Grandell, Anders"]
[Result "1-0"]
[WhiteElo "2209"]
[BlackElo "2261"]
[PlyCount "114"]
1. d4 Nf6 2. Bf4 g6 3. Nf3 Bg7 4. e3 O-O 5. h3 b6 6. Be2 Bb7 7. O-O c5 8. c3 d6
9. Nbd2 Nbd7 10. Bh2 Rc8 11. a4 a6 12. Qb3 Rb8 13. Qa3 b5 14. axb5 axb5 15.
Bxb5 Bxf3 16. Bxd7 Bxg2 17. Kxg2 Nxd7 18. Rfb1 Qc7 19. Qa6 Rb6 20. Qe2 Rfb8 21.
Nc4 Rb5 22. Kg1 cxd4 23. exd4 Nf8 24. Ne3 Ne6 25. d5 Nc5 26. Qc2 Nb3 27. Ra4
Na5 28. Rh4 Nb3 29. Re1 Nc5 30. b4 Nd7 31. Rc4 Qb7 32. Qd3 Nf6 33. Rd1 Qd7 34.
Kg2 h6 35. Rd2 R5b7 36. f4 Rc8 37. Rxc8+ Qxc8 38. f5 g5 39. h4 Nh7 40. hxg5
Nxg5 41. Rc2 e5 42. fxe6 fxe6 43. dxe6 Qxe6 44. Qd5 Qxd5+ 45. Nxd5 Nf7 46. c4
Ne5 47. Bxe5 Bxe5 48. Kf3 Kf7 49. Ke4 Ke6 50. b5 Rg7 51. Ne3 Rg1 52. Ra2 Rh1
53. b6 Rb1 54. Nd5 Kd7 55. Ra7+ Kc8 56. Rh7 Kb8 57. Rxh6 Rd1 1-0

[Event "Elit(Kungstornet-Stockholms SS)"]
[Site "?"]
[Date "2018.02.03"]
[Round "5"]
[White "Lissang, Christopher"]
[Black "Glimbrant, Torbjorn"]
[Result "1-0"]
[WhiteElo "2324"]
[BlackElo "2274"]
[PlyCount "71"]
[EventDate "2018.??.??"]
[SourceDate "2017.10.24"]
1. d4 d5 2. c4 e6 3. g3 Nf6 4. Bg2 Be7 5. Nf3 O-O 6. O-O c6 7. Qc2 b6 8. Nbd2
Bb7 9. b3 Nbd7 10. Bb2 Rc8 11. e4 c5 12. exd5 exd5 13. dxc5 dxc4 14. b4 a5 15.
a3 bxc5 16. b5 Nb6 17. Ne5 Bxg2 18. Kxg2 Qd5+ 19. Kg1 Rfe8 20. Ndxc4 Nxc4 21.
Nxc4 Qh5 22. Rfe1 Bf8 23. Bxf6 gxf6 24. a4 f5 25. Kg2 f4 26. f3 Bg7 27. Rab1
Bd4 28. b6 Rxe1 29. Rxe1 Qd5 30. Re4 fxg3 31. hxg3 f5 32. Rf4 Rf8 33. Nxa5 Kh8
34. Nc4 Rf6 35. a5 h5 36. a6 1-0

[Event "Elit(Rockaden,Sthlm-Upsala)"]
[Site "?"]
[Date "2018.02.03"]
[Round "5"]
[White "Nilsson, Joakim"]
[Black "Karlsson, Lars"]
[Result "0-1"]
[WhiteElo "2131"]
[BlackElo "2455"]
[PlyCount "96"]
[EventDate "2018.??.??"]
[SourceDate "2017.10.24"]
1. d4 g6 2. Nf3 Bg7 3. c4 d6 4. Nc3 Nc6 5. e3 Nf6 6. Be2 O-O 7. O-O Bg4 8. h3
Bxf3 9. Bxf3 Nd7 10. b3 e5 11. Bxc6 bxc6 12. dxe5 Nxe5 13. Bb2 Rb8 14. Qe2 Qh4
15. Rad1 f5 16. f4 Nd7 17. Qf3 Rb6 18. Na4 Bxb2 19. Nxb2 Nc5 20. Nd3 Ne4 21. c5
Rb5 22. cxd6 cxd6 23. Nf2 d5 24. Nxe4 fxe4 25. Qg4 Qxg4 26. hxg4 Kf7 27. Kf2
Ke6 28. Rc1 Kd6 29. Rfd1 a5 30. Rd2 Rf7 31. g5 a4 32. bxa4 Ra5 33. Rc4 Re7 34.
g4 c5 35. Rc1 d4 36. Kg3 d3 37. f5 Kd5 38. Kf4 Rxa4 39. Rb2 Rea7 40. Rb8 Rd7
41. Rc8 Rc4 42. Rd1 Rc2 43. Re8 Rf2+ 44. Kg3 Rf3+ 45. Kg2 gxf5 46. Rxd3+ exd3
47. Kxf3 fxg4+ 48. Kf2 g3+ 0-1

[Event "Elit(Kungstornet-Stockholms SS)"]
[Site "?"]
[Date "2018.02.03"]
[Round "5"]
[White "Backlund, Anders"]
[Black "Cederstam Barsk, Carl"]
[Result "0-1"]
[WhiteElo "2304"]
[BlackElo "2318"]
[PlyCount "74"]
[EventDate "2018.??.??"]
[SourceDate "2017.10.24"]
1. e4 e5 2. Nf3 Nc6 3. Bb5 a6 4. Ba4 g6 5. O-O Bg7 6. c3 d6 7. d4 b5 8. Bb3
exd4 9. Ng5 Nh6 10. Bd5 Bd7 11. cxd4 Nxd4 12. Bxa8 Qxa8 13. Nc3 O-O 14. Nf3 Ne6
15. a4 bxa4 16. e5 Bc6 17. exd6 Rd8 18. Qe2 Rxd6 19. Rd1 Nf5 20. Rxd6 cxd6 21.
Be3 d5 22. Nxa4 d4 23. Bd2 Bb5 24. Qd1 Qe4 25. Qb3 Qc6 26. Qa3 Bf8 27. Bb4 Bxb4
28. Qxb4 Nf4 29. Nc5 Nh3+ 30. Kh1 Nxf2+ 31. Kg1 Nh3+ 32. Kh1 Nf4 33. Re1 Nxg2
34. Nd7 Qxd7 35. Kxg2 Qc6 36. Kf2 d3 37. Nd4 Qc7 0-1

[Event "Elit(Rockaden,Sthlm-Upsala)"]
[Site "?"]
[Date "2018.02.03"]
[Round "5"]
[White "Kenneskog, Theodor"]
[Black "Sittenfeld, Johan"]
[Result "1/2-1/2"]
[WhiteElo "2296"]
[BlackElo "2154"]
[PlyCount "61"]
[EventDate "2018.??.??"]
[SourceDate "2017.10.24"]
1. d4 Nf6 2. c4 e6 3. Nf3 d5 4. g3 Bb4+ 5. Bd2 Be7 6. Bg2 O-O 7. O-O c6 8. Qc2
Nbd7 9. Rd1 b6 10. a4 a5 11. cxd5 cxd5 12. Nc3 Ba6 13. Nb5 Bxb5 14. axb5 Rc8
15. Qd3 Qc7 16. Rdc1 Qb7 17. Bc3 Ne4 18. Nd2 Nxd2 19. Qxd2 Nf6 20. f3 Qd7 21.
Qd3 Rc4 22. b3 Rc7 23. e4 Rfc8 24. e5 Bb4 25. Bd2 Rxc1+ 26. Rxc1 Rxc1+ 27. Bxc1
Qc7 28. Bd2 Bxd2 29. Qxd2 Ne8 30. h4 Qe7 31. Bf1 1/2-1/2

[Event "Elit(Kungstornet-Stockholms SS)"]
[Site "?"]
[Date "2018.02.03"]
[Round "5"]
[White "Kassani, Sam"]
[Black "Henriksson, Johan"]
[Result "1/2-1/2"]
[WhiteElo "2209"]
[BlackElo "2288"]
[PlyCount "92"]
[EventDate "2018.??.??"]
[SourceDate "2017.10.24"]
1. d4 c6 2. Nf3 d5 3. c3 Nf6 4. Bf4 Nh5 5. Bg3 Qb6 6. Qb3 Nxg3 7. hxg3 h6 8.
Nbd2 Bf5 9. e3 Nd7 10. Be2 e6 11. O-O Bd6 12. Rfe1 O-O 13. Bf1 Bh7 14. e4 Be7
15. Bd3 Rfd8 16. Qc2 Nf6 17. e5 Bxd3 18. Qxd3 Nd7 19. Rab1 c5 20. a3 cxd4 21.
cxd4 a5 22. g4 Rdc8 23. g3 Qa6 24. Qe3 Rc2 25. Kg2 Rac8 26. Rh1 Nf8 27. g5 Bxg5
28. Nxg5 hxg5 29. Rh5 g4 30. Rh4 Ng6 31. Rxg4 Rc1 32. Rxc1 Rxc1 33. Rg5 Qb5 34.
Rh5 Qxb2 35. Nf3 Rc2 36. Nh4 Qc1 37. Qd3 Qd2 38. Nxg6 fxg6 39. Qxg6 Qxf2+ 40.
Kh3 Qf1+ 41. Kg4 Qd1+ 42. Kg5 Qd2+ 43. Kh4 Qh2+ 44. Kg4 Qe2+ 45. Kf4 Qf2+ 46.
Kg4 Qe2+ 1/2-1/2

[Event "Elit(Rockaden,Sthlm-Upsala)"]
[Site "?"]
[Date "2018.02.03"]
[Round "5"]
[White "Cardenas, William"]
[Black "Engqvist, Thomas"]
[Result "1/2-1/2"]
[WhiteElo "2094"]
[BlackElo "2344"]
[PlyCount "186"]
[EventDate "2018.??.??"]
[SourceDate "2017.10.24"]
1. d4 Nf6 2. c4 e6 3. Nf3 Bb4+ 4. Bd2 Qe7 5. g3 Nc6 6. Nc3 d5 7. Bg2 dxc4 8.
O-O O-O 9. a3 Bxc3 10. Bxc3 Nd5 11. Qc2 b5 12. Nd2 Rb8 13. b3 Rd8 14. e3 Ba6
15. Rfd1 Rb6 16. Bb2 Na5 17. b4 Nc6 18. Bc3 f5 19. Qb2 Bc8 20. Re1 Rb8 21. Rad1
Bb7 22. Nf3 Nf6 23. Nd2 Nd5 24. Nf3 Rd6 25. Ne5 Rbd8 26. Nxc6 Bxc6 27. e4 fxe4
28. Bxe4 Nxc3 29. Qxc3 Qf6 30. Bxc6 Rxc6 31. Re4 Rd5 32. Qe3 Rcd6 33. Rf4 Rf5
34. Re4 Rf3 35. Qe2 Rxa3 36. Re1 Rd3 37. Rf4 Qg5 38. Qa2 R3xd4 39. Rxd4 Rxd4
40. Qxa7 Qd8 41. Qa6 Rd1 42. Qxe6+ Kh8 43. Rxd1 Qxd1+ 44. Kg2 Qd8 45. Qc6 Qb8
46. h4 h5 47. Qc5 Qe8 48. Qxc7 Qe4+ 49. Kh2 Qd5 50. Kg1 Kh7 51. Kh2 Qf5 52. Kg2
Qe4+ 53. Kh2 Qd4 54. Qf7 Qe5 55. Qf3 c3 56. Qd3+ Kh6 57. Kg2 g6 58. Kf1 Qc7 59.
Qxb5 Kg7 60. Qa6 Kh7 61. Qa1 Qc4+ 62. Ke1 Qxb4 63. Kd1 Qd4+ 64. Kc2 Qxf2+ 65.
Kb3 Qxg3 66. Qa7+ Kg8 67. Qe7 Qb8+ 68. Kc2 Qb2+ 69. Kd3 c2 70. Qe8+ Kh7 71.
Qf7+ Qg7 72. Qf4 Qd7+ 73. Kxc2 Kg7 74. Kc3 Qc6+ 75. Kd3 Qb5+ 76. Ke4 Qe2+ 77.
Kd4 Qb2+ 78. Ke4 Qb7+ 79. Kd4 Qb4+ 80. Ke3 Qe1+ 81. Kd4 Qd1+ 82. Ke4 Qc2+ 83.
Ke5 Qc7+ 84. Ke4 Qc6+ 85. Ke5 Qd7 86. Qf6+ Kh7 87. Qf4 Qg7+ 88. Ke6 Qb7 89.
Qf7+ Qxf7+ 90. Kxf7 Kh6 91. Kf6 Kh7 92. Kf7 Kh6 93. Kf6 Kh7 1/2-1/2

[Event "Elit(Kungstornet-Stockholms SS)"]
[Site "?"]
[Date "2018.02.03"]
[Round "5"]
[White "Larsson, Anders"]
[Black "Thorn, Eric"]
[Result "0-1"]
[WhiteElo "2249"]
[BlackElo "2316"]
[PlyCount "44"]
[EventDate "2018.??.??"]
[SourceDate "2017.10.24"]
1. d4 Nf6 2. Nf3 e6 3. e3 d5 4. c4 a6 5. cxd5 exd5 6. Nc3 Bd6 7. Bd3 O-O 8. Bd2
Re8 9. Qc2 b6 10. O-O-O Bb7 11. h4 c5 12. Bf5 g6 13. Bh3 Nc6 14. dxc5 bxc5 15.
Be1 Nb4 16. Qb1 d4 17. exd4 cxd4 18. Rxd4 Bxf3 19. gxf3 Bf4+ 20. Rxf4 Nd3+ 21.
Qxd3 Qxd3 22. Rxf6 Rad8 0-1

[Event "Elit(Rockaden,Sthlm-Upsala)"]
[Site "?"]
[Date "2018.02.03"]
[Round "5"]
[White "Zadruzny, Nicolaj"]
[Black "Cederberg, Karl Olof"]
[Result "1-0"]
[WhiteElo "2238"]
[BlackElo "2141"]
[PlyCount "63"]
[EventDate "2018.??.??"]
[SourceDate "2017.10.24"]
1. e4 d6 2. d4 Nf6 3. Nc3 e5 4. Nf3 Nbd7 5. Bc4 Be7 6. O-O O-O 7. Re1 c6 8. a4
b6 9. d5 Bb7 10. dxc6 Bxc6 11. Nd5 Bxd5 12. Bxd5 Nxd5 13. Qxd5 Nf6 14. Qb3 Rc8
15. Bg5 Nd7 16. Bd2 Qc7 17. Rac1 Nc5 18. Qc4 Qd7 19. b3 Kh8 20. Be3 f5 21. Bxc5
Rxc5 22. Qd3 fxe4 23. Rxe4 Qf5 24. Rd1 g5 25. h3 h5 26. Qe2 Rc3 27. Nxe5 dxe5
28. Rxe5 Qg6 29. Rxe7 Rxc2 30. Qe5+ Kg8 31. Rdd7 Rf6 32. Qd5+ 1-0

[Event "Elit(Team Viking-Farsta)"]
[Site "?"]
[Date "2018.02.03"]
[Round "5"]
[White "Urkedal, Frode"]
[Black "Goganov, Aleksey"]
[Result "1/2-1/2"]
[WhiteElo "2572"]
[BlackElo "2563"]
[PlyCount "107"]
[EventDate "2018.??.??"]
[SourceDate "2017.10.24"]
1. d4 d5 2. c4 c6 3. Nc3 Nf6 4. Nf3 e6 5. e3 Nbd7 6. Qc2 Bd6 7. Be2 dxc4 8.
Bxc4 O-O 9. O-O e5 10. Bb3 h6 11. Rd1 Qc7 12. h3 Re8 13. Nh4 exd4 14. exd4 Nf8
15. Nf5 Bh2+ 16. Kh1 Bf4 17. g3 Bxc1 18. Raxc1 Be6 19. Bxe6 Nxe6 20. d5 cxd5
21. Nxd5 Nxd5 22. Rxd5 Qxc2 23. Rxc2 Rad8 24. Rcd2 Rxd5 25. Rxd5 Nf8 26. Kg2
Re2 27. Rb5 b6 28. Kf3 Rc2 29. Nd4 Rc4 30. Rd5 Ne6 31. Nxe6 fxe6 32. Rd8+ Kh7
33. Ke3 Kg6 34. Kd3 Rc7 35. Rf8 Rc5 36. b4 Rc1 37. Ra8 Rc7 38. f4 Kf6 39. Kd4
g5 40. a4 gxf4 41. gxf4 Rd7+ 42. Kc4 Kf5 43. Rf8+ Ke4 44. Rf6 h5 45. Rxe6+ Kxf4
46. Rg6 Re7 47. h4 Re4+ 48. Kb5 Re5+ 49. Kc6 Re4 50. a5 bxa5 51. bxa5 Kf3 52.
Kb7 Rxh4 53. Kxa7 Ra4 54. a6 1/2-1/2

[Event "Elit(Team Viking-Farsta)"]
[Site "?"]
[Date "2018.02.03"]
[Round "5"]
[White "Ivanov, Sergey"]
[Black "Livner, Anders"]
[Result "1-0"]
[WhiteElo "2540"]
[BlackElo "2358"]
[PlyCount "75"]
[EventDate "2018.??.??"]
[SourceDate "2017.10.24"]
1. d4 d5 2. c4 c6 3. Nc3 Nf6 4. e3 e6 5. Nf3 Nbd7 6. Qc2 Bd6 7. Bd3 dxc4 8.
Bxc4 O-O 9. O-O b5 10. Be2 Bb7 11. e4 e5 12. dxe5 Nxe5 13. Nd4 Re8 14. Nf5 Bf8
15. Bg5 b4 16. Rad1 Qa5 17. Nb1 c5 18. Nd2 Ned7 19. f3 Qxa2 20. Nc4 b3 21. Qc3
Qa6 22. Qxb3 Re6 23. Bxf6 Nxf6 24. Ncd6 Qxe2 25. Qxb7 Bxd6 26. Qxa8+ Re8 27.
Qxa7 Be5 28. Qxc5 Qxb2 29. Rb1 Qd2 30. Ne7+ Rxe7 31. Qxe7 Qd4+ 32. Kh1 h6 33.
Rfd1 Qc3 34. Rd8+ Kh7 35. Qxf7 Bc7 36. Rc8 Qd3 37. Qb3 Qd6 38. e5 1-0

[Event "Elit(Team Viking-Farsta)"]
[Site "?"]
[Date "2018.02.03"]
[Round "5"]
[White "Degerman, Lars"]
[Black "Agrest, Evgenij"]
[Result "1-0"]
[WhiteElo "2449"]
[BlackElo "2584"]
[PlyCount "161"]
[EventDate "2018.??.??"]
[SourceDate "2017.10.24"]
1. c4 c6 2. g3 d5 3. Bg2 Nf6 4. Nf3 Bg4 5. Ne5 Be6 6. cxd5 Bxd5 7. Nf3 c5 8.
Nc3 Bc6 9. O-O e6 10. Re1 Bd6 11. d4 cxd4 12. Qxd4 Be7 13. e4 O-O 14. a3 b6 15.
Bf4 Bb7 16. Rad1 Qxd4 17. Nxd4 Nfd7 18. Ndb5 a6 19. Bd6 Bxd6 20. Nxd6 Bc6 21.
b4 b5 22. Nd5 Kh8 23. Ne7 Ra7 24. f4 Ba8 25. Rc1 Nb6 26. Nec8 Nxc8 27. Nxc8 Rd7
28. Nb6 Ra7 29. Nxa8 Rxa8 30. Rc7 a5 31. e5 Ra6 32. Rec1 g5 33. Bf1 axb4 34. a4
Rxa4 35. Rc8 Rxc8 36. Rxc8+ Kg7 37. Rxb8 gxf4 38. Rxb5 fxg3 39. hxg3 h6 40. Kf2
Ra2+ 41. Ke3 Rb2 42. Bd3 Rg2 43. Kf3 Rb2 44. Rb7 Rb3 45. Ke4 Kf8 46. Kd4 Rb2
47. Ke3 Rg2 48. Kf3 Rb2 49. Bc4 Rb1 50. Be2 Rb2 51. Ke3 Rb1 52. Bh5 Rf1 53.
Rxb4 Re1+ 54. Kf4 Rf1+ 55. Bf3 Kg7 56. Rb2 Kg6 57. Rh2 Kg7 58. Rh1 Rf2 59. Rc1
Rb2 60. Rc4 Rb5 61. Bh5 Rb7 62. Kg4 Rb5 63. Rc7 Rxe5 64. Rxf7+ Kg8 65. Ra7 Rf5
66. Kh4 e5 67. Re7 Rg5 68. g4 Kh8 69. Kg3 Kg8 70. Kf3 e4+ 71. Kxe4 Ra5 72. Kf4
Rc5 73. Bg6 Ra5 74. Be4 Ra1 75. Re6 Rf1+ 76. Kg3 Rg1+ 77. Kh3 Kg7 78. Rg6+ Kh7
79. Bf5 Rf1 80. Kg2 Rf4 81. Bd3 1-0

[Event "Elit(Team Viking-Farsta)"]
[Site "?"]
[Date "2018.02.03"]
[Round "5"]
[White "Berg, Emanuel"]
[Black "Namini, Armin"]
[Result "1-0"]
[WhiteElo "2594"]
[BlackElo "2191"]
[PlyCount "95"]
[EventDate "2018.??.??"]
[SourceDate "2017.10.24"]
1. e4 c5 2. Nf3 d6 3. d4 Nf6 4. Nc3 cxd4 5. Nxd4 Nc6 6. Bg5 Bd7 7. Qd2 Rc8 8.
O-O-O Nxd4 9. Qxd4 Qa5 10. Qd2 h6 11. Bxf6 gxf6 12. Kb1 f5 13. exf5 Bg7 14. f6
Bxf6 15. Nd5 Qxd2 16. Nxf6+ exf6 17. Rxd2 Ke7 18. Be2 Rc5 19. Rhd1 Bf5 20. Bd3
Bc8 21. Be4 Rd8 22. Rd4 b5 23. a4 Be6 24. axb5 Rxb5 25. b3 a5 26. Kb2 Rdb8 27.
Ra1 d5 28. Bf3 Rb4 29. Rad1 Rxd4 30. Rxd4 Rb4 31. Kc3 Rb5 32. Rh4 Rc5+ 33. Kb2
Rb5 34. Kc3 Rc5+ 35. Kd2 Bf5 36. Bd1 Rc8 37. Rxh6 Rg8 38. g3 Rb8 39. Rh4 Be4
40. f3 Bf5 41. Ra4 Ra8 42. Ke3 Bd7 43. Ra2 Kd6 44. c3 Kc5 45. Rxa5+ Rxa5 46.
b4+ Kb6 47. bxa5+ Kxa5 48. Bb3 1-0

[Event "Elit(Team Viking-Farsta)"]
[Site "?"]
[Date "2018.02.03"]
[Round "5"]
[White "Ernst, Thomas"]
[Black "Lindberg, Bo"]
[Result "1/2-1/2"]
[WhiteElo "2380"]
[BlackElo "2381"]
[PlyCount "188"]
[EventDate "2018.??.??"]
[SourceDate "2017.10.24"]
1. e4 Nc6 2. Nf3 d6 3. d4 Nf6 4. Nc3 g6 5. Be3 Bg7 6. Be2 O-O 7. h3 a6 8. O-O
e5 9. d5 Ne7 10. Qd2 b5 11. a3 Bd7 12. Rfd1 Qb8 13. b4 Rd8 14. Bd3 c6 15. dxc6
Bxc6 16. Bh6 d5 17. exd5 Nexd5 18. Bxg7 Kxg7 19. Re1 Nxc3 20. Qxc3 Bxf3 21.
gxf3 Rd4 22. Bf1 Qd6 23. Qc5 Qxc5 24. bxc5 Rd5 25. a4 bxa4 26. Rxa4 Rxc5 27.
Rxa6 Rxa6 28. Bxa6 Nh5 29. Bd3 Nf4 30. Kh2 Kf6 31. Ra1 Rc3 32. Ra7 Nxd3 33.
cxd3 Rxd3 34. Kg2 Ke6 35. Rb7 h5 36. Ra7 Rb3 37. Rc7 Ra3 38. Rb7 Rc3 39. Ra7
Rb3 40. Rc7 Ra3 41. Rb7 Ra4 42. Rc7 Rf4 43. Ra7 Kf6 44. Ra5 Kf5 45. Rb5 f6 46.
Ra5 Kg5 47. Rb5 Rd4 48. Ra5 Kf5 49. Ra6 Rf4 50. Rb6 Kg5 51. Rb5 Kh4 52. Rb6 g5
53. Re6 g4 54. hxg4 hxg4 55. fxg4 Kxg4 56. Ra6 e4 57. Re6 Kf5 58. Ra6 Rg4+ 59.
Kf1 Rf4 60. Kg2 Rf3 61. Rb6 Kg4 62. Re6 f5 63. Rg6+ Kf4 64. Ra6 Rb3 65. Ra4 Rd3
66. Ra5 Rd2 67. Ra4 Ke5 68. Ra5+ Rd5 69. Ra8 f4 70. Re8+ Kd4 71. Ra8 f3+ 72.
Kg3 Rd7 73. Ra4+ Ke5 74. Ra5+ Rd5 75. Ra8 Rd2 76. Ra5+ Kd4 77. Ra4+ Kd3 78.
Ra3+ Kc2 79. Ra2+ Kd1 80. Ra1+ Ke2 81. Ra3 Ke1 82. Ra4 Rd1 83. Ra3 Kf1 84. Re3
Re1 85. Ra3 Kg1 86. Ra8 Rb1 87. Re8 Re1 88. Ra8 Kf1 89. Ra3 Kg1 90. Ra8 e3 91.
Kxf3 exf2 92. Rg8+ Kf1 93. Rh8 Kg1 94. Rg8+ Kf1 1/2-1/2

[Event "Elit(Team Viking-Farsta)"]
[Site "?"]
[Date "2018.02.03"]
[Round "5"]
[White "Westerberg, Jonathan"]
[Black "Hedin, Gunnar"]
[Result "1-0"]
[WhiteElo "2507"]
[BlackElo "2165"]
[PlyCount "99"]
[EventDate "2018.??.??"]
[SourceDate "2017.10.24"]
1. e4 e6 2. d4 d5 3. Nc3 Bb4 4. Qd3 Nf6 5. e5 Ne4 6. Nge2 Nxc3 7. bxc3 Bf8 8.
Nf4 h5 9. Qf3 g6 10. Bd3 Be7 11. O-O Nc6 12. a4 Rg8 13. a5 b6 14. a6 Bd7 15.
Ba3 Bxa3 16. Rxa3 Qe7 17. Raa1 Rc8 18. Qg3 Kf8 19. h4 Na5 20. Nh3 c5 21. Ng5
Kg7 22. Rfe1 cxd4 23. cxd4 Nc4 24. c3 Rc7 25. Nh3 Be8 26. Nf4 Kh8 27. Qh3 Kg7
28. Bxc4 Rxc4 29. Re3 Rh8 30. Rg3 Rh6 31. Rg5 Ra4 32. Rxa4 Bxa4 33. Qf3 Kh8 34.
Nd3 Kg7 35. Nf4 Kh8 36. Qd3 Qc7 37. Rg3 Bb3 38. Nh3 Bc4 39. Qd2 Kg7 40. Qg5 Qd7
41. Qf6+ Kf8 42. Rf3 Be2 43. Qg5 Kg7 44. Rf6 Bg4 45. Nf4 Bf5 46. Kh2 Qb5 47.
Rxf5 exf5 48. Qf6+ Kg8 49. e6 fxe6 50. Nxe6 1-0

[Event "Elit(Team Viking-Farsta)"]
[Site "?"]
[Date "2018.02.03"]
[Round "5"]
[White "Ong, Kezli"]
[Black "Cramling, Dan"]
[Result "1-0"]
[WhiteElo "2303"]
[BlackElo "2364"]
[PlyCount "181"]
[EventDate "2018.??.??"]
[SourceDate "2017.10.24"]
1. e4 c5 2. Nf3 e6 3. d4 cxd4 4. Nxd4 a6 5. Bd3 Nc6 6. Nxc6 bxc6 7. O-O d5 8.
c4 Nf6 9. Nc3 Be7 10. exd5 cxd5 11. cxd5 Nxd5 12. Be4 Bb7 13. Qa4+ Qd7 14.
Qxd7+ Kxd7 15. Rd1 Bf6 16. Nxd5 Bxd5 17. Bxd5 exd5 18. Rxd5+ Ke6 19. Rd2 Rab8
20. Rb1 Rhd8 21. Re2+ Kf5 22. Be3 Rd5 23. Rc2 a5 24. b3 a4 25. Rc4 axb3 26.
axb3 Be7 27. b4 Rbd8 28. g4+ Ke6 29. b5 Rd1+ 30. Rxd1 Rxd1+ 31. Kg2 Rb1 32. b6
Bd8 33. Rc8 Kd7 34. Rb8 Rb3 35. h3 h6 36. Rb7+ Ke6 37. Kf3 Bg5 38. Rb8 Kf6 39.
Ke4 Ke6 40. b7 Be7 41. Rg8 Rxb7 42. Rxg7 Rb4+ 43. Kf3 h5 44. g5 Rb3 45. Kg2 f6
46. h4 Rb5 47. Rh7 fxg5 48. hxg5 Bc5 49. Bxc5 Rxc5 50. Rxh5 Rc4 51. Rh3 Kf5 52.
Rg3 Kg6 53. Kh3 Ra4 54. Rg4 Ra3+ 55. Kg2 Ra2 56. Kg3 Ra3+ 57. Kh2 Ra2 58. Kg2
Rb2 59. Kf1 Rb1+ 60. Kg2 Rb2 61. Rg3 Ra2 62. Kf3 Ra4 63. Rg1 Rb4 64. Ke3 Rb3+
65. Kd4 Rb4+ 66. Kc3 Ra4 67. Kd3 Ra3+ 68. Ke4 Ra4+ 69. Ke5 Ra5+ 70. Kf4 Ra4+
71. Kf3 Rb4 72. Rg4 Rb3+ 73. Kf4 Rb5 74. Kg3 Rb3+ 75. Kh4 Rf3 76. Rg2 Rf4+ 77.
Kh3 Ra4 78. Rg3 Rb4 79. Rg4 Rb3+ 80. Kg2 Rb2 81. Kg3 Rb3+ 82. f3 Ra3 83. Kg2
Ra2+ 84. Kf1 Ra1+ 85. Ke2 Ra2+ 86. Kd1 Ra1+ 87. Kc2 Rf1 88. Rg3 Ra1 89. f4 Kf5
90. Rf3 Re1 91. Kd2 1-0

[Event "Elit(Team Viking-Farsta)"]
[Site "?"]
[Date "2018.02.03"]
[Round "5"]
[White "Sagit, Rauan"]
[Black "Jaderberg, Bjorn"]
[Result "1-0"]
[WhiteElo "2433"]
[BlackElo "2151"]
[PlyCount "63"]
[EventDate "2018.??.??"]
[SourceDate "2017.10.24"]
1. Nf3 f5 2. g3 Nf6 3. Bg2 e6 4. O-O g6 5. c4 Bg7 6. Nc3 O-O 7. d4 d6 8. Qc2
Qe8 9. e4 e5 10. dxe5 Nxe4 11. Nd5 Na6 12. exd6 cxd6 13. Ng5 Be6 14. Nxe4 fxe4
15. Qxe4 Nc5 16. Qh4 Qf7 17. Bh6 Rae8 18. Rad1 Kh8 19. b3 Bf5 20. Bf4 Be5 21.
Bxe5+ dxe5 22. Rd2 a5 23. Re1 Kg7 24. g4 Bd3 25. g5 h5 26. Nf6 e4 27. Qg3 Re6
28. Qe3 b6 29. Nd5 Re5 30. Qd4 Qf5 31. f4 exf3 32. Rxe5 1-0